[Event "North American op 34th"]
[Site "Las Vegas"]
[Date "2024.12.28"]
[Round "6"]
[White "Atoufi, Pedram"]
[Black "Gopalakrishnan, Kritin Rohan"]
[Result "0-1"]
[WhiteElo "2162"]
[BlackElo "2006"]
[PlyCount "70"]
[EventDate "2024.12.26"]
[EventType "swiss"]
[EventRounds "9"]
[EventCountry "USA"]
[SourceTitle "CB02_2025"]
[SourceDate "2025.01.08"]
[SourceVersion "1"]
[SourceVersionDate "2025.01.08"]
[SourceQuality "1"]

1. e4 c5 2. Nf3 d6 3. c3 Nf6 4. Bd3 Nc6 5. Bc2 e5 6. 0-0 Bg4 7. h3 Bh5 8. d3 Be7 9. Re1 Qd7 10. Kh2 Rg8 11. Rg1 0-0-0 12. g4 Bg6 13. Ba4 d5 14. Nxe5 Qc7 15. Bxc6 Bd6 16. f4 Bxe5 17. fxe5 Qxe5+ 18. Rg3 bxc6 19. Qa4 Kb7 20. Nd2 dxe4 21. Nc4 Qc7 22. d4 cxd4 23. cxd4 Rd5 24. Bd2 e3 25. Ba5 Qf4 26. Qb3+ Ka8 27. Qxe3 Qb8 28. Kg1 Re8 29. Qa3 Re2 30. Re1 Rxa5 31. Rxe2 Rxa3 32. Rxa3 Qf4 33. Ne5 Qxd4+ 34. Kh2 Be4 35. Ra5 Qd1 0-1